00317nam a2200121Ia 4500008004100000041000800041082001700049100001800066245004500084260002600129300003100155365000900186240624s9999 xx 000 0 und d aeng a658.4012 THO aTHOMAS HOWARD aSTRATEGIC DISCOVERY COMPETING IN NEW ARE c1997aNew YorkbWiley axiv, : 342 : p. : cm. ; 23 cb30